|
|
|
|
| LEADER |
00000cam a2200000 7i4500 |
| 001 |
0000016889 |
| 005 |
20241028.0 |
| 008 |
060718 my a may |
| 020 |
|
|
|a 9835201730
|
| 040 |
|
|
|a INS
|b eng
|e rda
|
| 090 |
0 |
0 |
|a HV4142.2.K82
|b M64 2000
|
| 100 |
0 |
|
|a Mohd. Taib Dora ,
|e author
|
| 245 |
1 |
0 |
|a Peminggiran sosial :
|b keluarga Melayu termiskin bandar
|c Mohd. Taib Dora
|
| 264 |
|
1 |
|a Skudai, Johor :
|b Penerbit Universiti Teknologi Malasyia
|c 2000
|
| 300 |
|
|
|a xiv, 201 pages :
|b illustrations :
|b 23 cm
|
| 336 |
|
|
|a text
|2 rdacontent
|
| 337 |
|
|
|a unmediated
|2 rdamedia
|
| 338 |
|
|
|a volume
|2 rdacarrier
|
| 504 |
|
|
|a Includes bibliographical references and index
|
| 650 |
|
0 |
|a Community development
|z Kuala Lumpur
|
| 650 |
|
0 |
|a Poverty
|z Wilayah Persekutuan
|
| 650 |
|
0 |
|a Sociology, Urban
|z Kuala Lumpur
|
| 650 |
|
0 |
|a Urban poor
|z Kuala Lumpur
|
| 999 |
|
|
|a 0000017024
|b BOOK
|c Open Shelf
|e Default branch
|
| 999 |
|
|
|a 0000017025
|b BOOK
|c Open Shelf
|e Default branch
|
| 999 |
|
|
|a 0000017026
|b BOOK
|c Open Shelf
|e Default branch
|
| 999 |
|
|
|a 0000017027
|b BOOK
|c Open Shelf
|e Default branch
|
| 999 |
|
|
|a 0000017028
|b BOOK
|c Open Shelf
|e Default branch
|